Fiskar och deras latinska namn - Statistics

General Stats
  • This quiz has been taken 9 times
  • The average score is 4 of 15
Answer Stats
Hint Answer % Correct
lax salmo salar
100%
lubb brosme brosme
50%
bergtunga microstomus kitt
50%
Långa Molva molva
50%
nordhavsräka pandalus borealis
50%
sjötunga solea vulgaris
50%
havskatt anarhchicas lupus
0%
krabba cancer pagarus
0%
amerikansk hummer humerus americanus
0%
hummer humerus gamarus
0%
marulk lophius piscatirus
0%
kummel merlucius merlucius
0%
rödspätta pleuronectes platessa
0%
sej pollachius virens
0%
makrill scomber scombrus
0%
No matching quizzes found
Score Distribution
Percent of People with Each Score
Percentile by Number Answered
Your Score History
You have not taken this quiz